| 000 | 00886cam a22002531 4500 | ||
|---|---|---|---|
| 001 | gs 40000199 | ||
| 003 | DLC | ||
| 005 | 20260227111345.0 | ||
| 008 | 771013s1939 ctuab 000 0 eng c | ||
| 010 | _ags 40000199 | ||
| 035 | _a(OCoLC)3338401 | ||
| 040 |
_aU. S. Geol. survey. Library _cCtFaU _dDLC |
||
| 042 | _apremarc | ||
| 050 | 0 | 0 |
_aQC984.C8 _bK5 |
| 082 | _a557.46 s | ||
| 100 | 1 |
_aKirk, Joseph Milton, _d1872- |
|
| 245 | 1 | 4 |
_aThe weather and climate of Connecticut, _cby Joseph Milton Kirk. |
| 260 |
_aHartford, _bThe state Geological and natural history survey, _c1939. |
||
| 300 |
_a242, xi p. _bincl. illus. (maps) tables, diagrs. _c23 cm. |
||
| 490 | 0 |
_aConnecticut. State geological and natural history survey. Bulletin _vno. 61 |
|
| 500 | _aState of Connecticut. Public document no. 47. | ||
| 650 | 0 |
_aMeteorology _zConnecticut. |
|
| 651 | 0 |
_aConnecticut _xClimate. |
|
| 999 |
_c27644 _d27644 |
||